La historia de Julia : (Registro nro. 6905)
[ vista simple ]
| 000 -CABECERA | |
|---|---|
| Longitud fija campo de control | 01019nam a2200277 a 4500 |
| 003 - • IDENTIFICADOR DELl NÚMERO DE CONTROL | |
| Identificador del número de control | CO-ViMGA |
| 008 - • CÓDIGOS DE INFORMACIÓN DE LONGITUD FIJA | |
| Códigos de información de longitud fija | 141112s2004 ck r 000 u spa d |
| 020 ## - • NÚMERO INTERNACIONAL NORMALIZADO PARA LIBROS | |
| Número Internacional Normalizado para Libros (ISBN) | 9789588841564 |
| 040 ## - FUENTE DE LA CATALOGACIÓN | |
| Centro catalogador de origen | CO-ViMGA |
| Lengua de catalogación | spa |
| Centro transcriptor | CO-ViMGA |
| 041 ## - • CÓDIGO DE LENGUA | |
| Código de lengua del texto/banda sonora o título independiente | spa fre |
| 100 1# - • PUNTO DE ACCESO PRINCIPAL-NOMBRE DE PERSONA | |
| Nombre de persona | Bruel, Christian |
| 245 10 - • TITULO PROPIAMENTE DICHO | |
| Título | La historia de Julia : |
| Resto del título | la niña que tenía sombra de niño / |
| Mención de responsabilidad, etc. | Christian Bruel y Anne Bozellec ; con la colaboración de Annie Galland ; traducción de Pedro Badrán |
| 250 ## - • MENCIÓN DE EDICIÓN | |
| Mención de edición | 2a. ed. |
| 300 ## - • DESCRIPCIÓN FÍSICA | |
| Extensión | [66] p. : il. ; 25 cm |
| 650 14 - • PUNTO DE ACCESO ADICIONAL DE MATERIA - TÉRMINO DE MATERIA | |
| Término de materia o nombre geográfico como elemento inicial | Conducta (psicologia) - cuentos infantiles |
| 650 14 - • PUNTO DE ACCESO ADICIONAL DE MATERIA - TÉRMINO DE MATERIA | |
| Término de materia o nombre geográfico como elemento inicial | Cuentos infantiles franceses |
| 650 14 - • PUNTO DE ACCESO ADICIONAL DE MATERIA - TÉRMINO DE MATERIA | |
| Término de materia o nombre geográfico como elemento inicial | Personalidad - cuentos infantiles |
| 700 1# - • PUNTO DE ACCESO ADICIONAL - NOMBRE DE PERSONA | |
| Nombre de persona | Bozellec, Anne |
| 917 ## - | |
| -- | 2014 - 6831 2 ejemplares |
| 942 ## - ENTRADA DE ELEMENTOS AGREGADOS (KOHA) | |
| Fuente de clasificaión o esquema | Dewey Decimal Classification |
| Koha [por defecto] tipo de item | LIbro |
| 990 ## - EQUIVALENCIA O SECCIÓN-REFERENCIA [LOCAL, CANADA] | |
| Enlace de información para campos 9XX | 2014 - 6831 Taller de Edición Rocca 2 ejemplares 21 11/06/2014 a932432 30/05/2014 27/05/2014 |
| Perdido | Fuente de clasificación o esquema | Estado Físico | No para préstamo | Forma de adquisición | Localización permanente | Localización actual | Localización en estanterías | Fecha adquisición | Préstamos totales | Signatura completa | Código de barras | Fecha última consulta | Número de copia | Fecha del precio de reemplazo | Tipo de item de Koha | Serie de enumeración / cronolog&íacute;a | Renovaciones totales | Fecha último préstamo |
|---|---|---|---|---|---|---|---|---|---|---|---|---|---|---|---|---|---|---|
| Dewey Decimal Classification | Sala Infantil Segundo Piso | Biblioteca Pública Germán Arciniegas - Villavicencio | Biblioteca Pública Germán Arciniegas - Villavicencio | 12/04/2015 | 1 | BRUh | 27284 | 03/22/2019 | Ej. 1 | 12/04/2015 | LIbro | 24/oct/2014 | 1 | 03/15/2019 | ||||
| Dewey Decimal Classification | Infantil | Biblioteca Pública Medellin del Ariari - El Castillo | Biblioteca Pública Medellin del Ariari - El Castillo | Sala Infantil | 06/14/2023 | CBRU5EJ.1 | BM0000132 | 06/14/2023 | Ej.1 | 06/14/2023 | Libro Literatura |